The chance. #4 / Robyn Carr.
Available copies
- 1 of 1 copy available at LARL/NWRL Consortium.
- 1 of 1 copy available at Lake Agassiz Regional Library. (Show preferred library)
Current holds
0 current holds with 1 total copy.
View other formats and editions
Show Only Available Copies
| Location | Call Number / Copy Notes | Barcode | Shelving Location | Status | Due Date |
|---|---|---|---|---|---|
| Moorhead Public Library | CAR (Text) | 33500013069265 | Main | Available | - |
Record details
- ISBN: 9780778315995 (pbk.)
- ISBN: 0778315991 (pbk.)
- Physical Description: 360 p. ; 17 cm.
- Publisher: Don Mills, Ont. : Harlequin Mira, c2014.
Content descriptions
| Summary, etc.: | When Laine and Eric meet, their attraction is ... Read More |
Search for related items by subject
| Subject: | United States. Federal Bureau of Investigation > Fiction. Man-woman relationships > Fiction. City and town life > Oregon > Fiction. Oregon > Fiction. |
| Genre: | Love stories. |
Search for related items by series
| LDR | 01902nam a2200409Ma 4500 | ||
|---|---|---|---|
| 001 | 161705 | ||
| 003 | LARL_NWRL_CONSORTIUM | ||
| 005 | 20190430205120.0 | ||
| 008 | 140219s2014 onc 000 1 eng d | ||
| 020 | . | ‡a9780778315995 (pbk.) | |
| 020 | . | ‡a0778315991 (pbk.) | |
| 035 | . | ‡a(OCoLC)870917693 | |
| 043 | . | ‡an-us-or | |
| 082 | 0 | 4. | ‡a813/.54 ‡223 |
| 100 | 1 | . | ‡aCarr, Robyn. ‡0(LARL_NWRL_CONSORTIUM)60624 |
| 245 | 1 | 4. | ‡aThe chance. ‡n#4 / ‡cRobyn Carr. |
| 260 | . | ‡aDon Mills, Ont. : ‡bHarlequin Mira, ‡cc2014. | |
| 300 | . | ‡a360 p. ; ‡c17 cm. | |
| 490 | 0 | . | ‡aThunder Point ; ‡v4 |
| 520 | . | ‡aWhen Laine and Eric meet, their attraction is obvious to everyone. But while the law enforcement agent and the reformed criminal want to make things work, their differences may run too deep unless they take a chance on each other and find that deep and mysterious bond that belongs to those who choose love over fear. | |
| 610 | 1 | 0. | ‡aUnited States. ‡bFederal Bureau of Investigation ‡vFiction. |
| 650 | 0. | ‡aMan-woman relationships ‡vFiction. ‡0(LARL_NWRL_CONSORTIUM)165985 | |
| 650 | 0. | ‡aCity and town life ‡zOregon ‡vFiction. | |
| 651 | 0. | ‡aOregon ‡vFiction. ‡0(LARL_NWRL_CONSORTIUM)166530 | |
| 655 | 0. | ‡aLove stories. | |
| 901 | . | ‡a161705 ‡bOCLC ‡c161705 ‡tbiblio | |

Add to basket
Permalink
Disable Highlighting